Statistiche per Squadre della NFL

Clicka qui per fare il quiz!

Statistiche generali

  • Questo quiz è stato fatto 19 volte
  • Il punteggio medio è 21 su 32

Statistiche sulle risposte

Team% Corretto
Kansas City Chiefs
92%
Miami Dolphins
92%
New England Patriots
92%
Los Angeles Rams
83%
San Francisco 49ers
83%
Arizona Cardinals
75%
New York Giants
75%
Baltimore Ravens
67%
Chicago Bears
67%
Denver Broncos
67%
Detroit Lions
67%
Philadelphia Eagles
67%
Pittsburgh Steelers
67%
Seattle Seahawks
67%
Tampa Bay Buccaneers
67%
Tennessee Titans
67%
Carolina Panthers
58%
Dallas Cowboys
58%
Green Bay Packers
58%
Houston Texans
58%
Indianapolis Colts
58%
Jacksonville Jaguars
58%
Los Angeles Chargers
58%
Minnesota Vikings
58%
New Orleans Saints
58%
New York Jets
58%
Atlanta Falcons
50%
Buffalo Bills
50%
Las Vegas Raiders
50%
Washington Commanders
50%
Cincinnati Bengals
42%
Cleveland Browns
33%

Distribuzione punteggi

Percentile per numero di risposta

Percentuale di utenti per punteggio

I tuoi punteggi nel tempo

Non hai fatto questo quiz